الكيمياء / (Record no. 14625)

MARC details
000 -الفاتح
حقل البيانات ثابتة الطول 01794nam a22003377i 4500
003 - محدد رقم الضبط
رقم الضبط EG-ScBUE
005 - وقت وتاريخ اخر تعامل مع التسجيلة
رقم الضبط 20260512114116.0
008 - عناصر البيانات ثابتة الطول - معلومات عامة
حقل البيانات ثابتة الطول 100805s1981 ua|a frbd 001 0dara d
020 ## - الرقم الدولى المعيارى للكتب
الرقم الدولى المعيارى للكتاب 07084285X
040 ## - مصدر الفهرسة
وكالة الفهرسة الأصلية EG-ScBUE
لغة الفهرسة ara
قواعد الوصف rda
وكالة النسخ EG-ScBUE
وكالة التعديل EG-ScBUE
041 1# - رمز اللغة
رمز لغة النص/ المسارات الصوتية أو العنوان الانفرادي ara
رمز لغة الترجمات و/او الاصلية المتوسطة للنص eng
082 04 - رقم تصنيف ديوى العشرى
رقم التصنيف 540
رقم المادة س ي ن
رقم الطبعة 22
100 1# - المدخل الرئيسى - إسم شخصى
9 (RLIN) 17092
الإسم الشخصى سينكو، ميشيل ج.،
الدور مؤلف.
240 1# - العنوان الموحد
عنوان موحد Chemistry.
لغة العمل Arabic
245 12 - بيان العنوان
العنوان الكيمياء /
بيان المسئوليه,etc تأليف ميشيل ج. سينكو، أستاذ الكيمياء، جامعة كورنيل، روبرت أ. بلان، أستاذ الكيمياء ومدير كلية كلارسون ؛ ترجمة الدكتور السيد علي حسن، أستاذ الكيمياء الفيزيائية، كلية العلوم، جامعة الأزهر ؛ مراجعة الدكتور أحمد محمد عزام، أستاذ الكيمياء الفيزيائية، كلية العلوم، جامعة عين شمس.
264 #1 - النشر، التوزيع
مكان الناشر او الموزع القاهرة :
اسم الناشر او الموزع مؤسسة الأهرام،
تاريخ النشر أو التوزيع 1981.
300 ## - الوصف المادى
التعداد 631 صفحة :
تفاصيل ماديه اخرى للوعاء إيضاحيات ؛
أبعاد الوعاء 24 سم
336 ## - نوع المحتوى
source rdacontent
Carrier Type Term نص
Content Type Code txt
337 ## - نوع الوسيط
Media Type Term بدون وسيط
source rdamedia
Media Type Code n
338 ## - نوع الحامل أو الناقل
Carrier Type Term مجلد
Carrier Type Code nc
source rdacarrier
500 ## - تبصرة عامة
تبصرة عامة يشتمل على قائمة بالمصطلحات العلمية.
500 ## - تبصرة عامة
تبصرة عامة يشتمل على كشاف.
504 ## - تبصرة ببليوجرافية
تبصرة ببليوجرافية,الخ يشتمل على إرجاعات ببليوجرافية.
546 ## - تبصرة اللغة
تبصرة اللغة النص باللغة الإنجليزية ؛ وقد تم ترجمته إلى العربية.
650 #7 - المدخل الاضافى بالموضوع-مصطلح موضوعى
9 (RLIN) 17126
مصطلح موضوعي أو اسم جغرافي كعنصر مدخل الكيمياء.
مصدر الرأس أو المصطلح BUEsh
655 ## - مصطلح تكشيفى-نوع/شكل
التقسيم الفرعي الشكلي Reading book
700 1# - المدخل الاضافى - اسم شخصى
9 (RLIN) 17117
الإسم الشخصى بلان، روبرت أ.،
الدور مؤلف.
700 1# - المدخل الاضافى - اسم شخصى
9 (RLIN) 17137
الإسم الشخصى حسن، السيد علي،
الدور مترجم.
700 1# - المدخل الاضافى - اسم شخصى
9 (RLIN) 17136
الإسم الشخصى عزام، أحمد محمد،
الدور مراجع.
942 ## - عناصر المدخل الإضافي( كوها)
Koha [default] item type Book - Borrowing
مصدر التصنيف او مخطط الترفيف Dewey Decimal Classification
Holdings
حالة التراجع حالة الفقد مصدر التصنيف او خطة الترفيف حالة تلف ليس للاعارة مجموعات كوها المكان الدائم المكان الحالي موقع الترفيف تاريخ الاكتساب Source of acquisition رقم الاستدعاء الباركود Date last seen مُعار نوع الوعاء
    Dewey Decimal Classification     Alef-Baa Central Library Central Library First floor 05/08/2010   540 س ي ن 000021621 15/07/2025 02/10/2013 Book - Borrowing